000 01679nam a2200253Ia 4500
999 _c48602
_d48602
001 15502
003 GE_BSU
005 20241203124237.0
008 181216s1969||||ge |||||||||||||| ||geo||
040 _cGE_BSU
041 _ageo
080 _a39(479.22)(092)+821.353.1-91.09+81ს-36
245 _a თედო სახოკია : [შრომათა] კრებული [ეთნოგრაფიის, ლექსიკოლოგიის და ფოლკლორის დარგში. აგრეთვე :
_bმოგონებანი თედო სახოკიაზე /
_cსარედ. კოლეგია : გ. ჩიტაია (პ.მგ. რედ.), ა. აფაქიძე, შ. მესხია და სხვ.] ; საქართველოს ისტორიის, არქეოლოგიის, ეთნოგრაფიისა და ფოლკლორის სამეცნ. საზ-ბა.
264 _aთბილისი :
_bმეცნიერება,
_c1969.
300 _a295 გვ. :
_bილ. და პორტრ. ;
_c22 სმ.
653 _aთედო სახოკია
653 _aკრებული
653 _aქართველი ეთნოგრაფები
653 _aქართული ენა -- ლექსიკოლოგია და ლექსიკოგრაფია
653 _aქართული ფოლკლორი
653 _aქართველების ეთნოგრაფია
700 _aნადირაძე, გ.
_eმხატვარი
_923851
942 _cBK
_2udc